Score 0/8 Timer 02:00
0 Plays Today
Hint Answer % Correct
10% of 454.5
96.1%
80% of 2016
92.2%
30% of 7021
89.6%
20% of 9018
89.6%
40% of 3012
88.3%
40% of 250100
88.3%
60% of 3018
86.1%
65% of 2013
85.7%
Remove Ads.
Support Sporcle.
Get the best of Sporcle when you Go Orange. This ad-free experience offers more features, more stats, and more fun while also helping to support Sporcle. Thank you for becoming a member.

You're not logged in!

Compare scores with friends on all Sporcle quizzes.
OR
Log In

Show Comments

Extras

Created Dec 16, 2014ReportNominate
Tags:Math Quiz, help, Percent

Top Quizzes Today


Score Distribution

Your Account Isn't Verified!

In order to create a playlist on Sporcle, you need to verify the email address you used during registration. Go to your Sporcle Settings to finish the process.

Report this User

Report this user for behavior that violates our Community Guidelines.

Details: